000 02425nam a2200385 i 4500
001 000048207
003 DO-SdBNP
005 20240507154744.0
007 ta
008 081201t2015 dr abd 001 0 spa d
020 _a9993423602
020 _a9789945457506 (v.1)
040 _aDO-SdBNP
_bspa
_cBNPHU
_erda
082 4 _a557.293
_bG112s, 2015
_222
100 1 _aGabb, Williams M.,
_d1839-1878
_91740
_eautor
240 1 0 _aOn the topography and geology of Santo Domingo.
_lEspañol
245 1 0 _aSobre la topografía y geología de Santo Domingo :
_bextracto de las memorias de la Sociedad Filosófica Americana /
_cWilliams M. Gabb ; presentación y revisión técnica, Romeo A. Llinás ; traducción, Ramón Cedano Melo.
250 _atercera edición
264 _aSanto Domingo :
_bSociedad Dominicana de Bibliófilos,
_c2015.
300 _avolumen :
_bilustraciones, mapa, diágramas ;
_c23 cm.
336 _2rdacontent
_atexto
_btxt
337 _2rdamedia
_asin mediación
_bn
338 _2rdacarrier
_avolumen
_bnc
490 _aClásicos bibliófilos
_v10
500 _aExtracto de las memorias de la Sociedad Filosófica Americana
500 _aIncluye referencias bibliográficas y notas al pie de páginas e índice
505 0 _aArtículo. IV. Sobre la topografía y geología de Santo Domingo (leído ante la Sociedad Filosófica Americana, 18 de octubre de 1872) :
_gParte I--
_tDescripción topográfica :
_tTopografía de la Cordillera Central --
_tTopografía de la región al norte de la Cordillera Central --
_tTopografía de la región al sur de la Cordillera Central --
_gParte II--
_tFormaciones geológicas:
_tEl grupo sierra --
_tRocas intrusivas --
_tEl mioceno --
_tPost-plioceno o formación costera --
_gParte III--
_tGeología local :
_tGeología de la Cordillera Central --
_tGeología de los valles y estribaciones norte de la Cordillera Central --
_tGeología de la Sierra de Monte Cristi --
_tGeología de Samaná --
_tGeología de la región al sur de la Cordillera Central --
_gParte IV--
_tPaleontología--
_tCatálogo descriptivo de los molúscos fósiles --
_tReferencias.
590 _aInventariado, 2019/VM
650 4 _aPaleontología
_zRepública Dominicana
_944632
650 4 _aGeología
_zRepública Dominicana
_91742
700 1 _aLlinás, Romeo A.,
_eprólogo
_91745
700 1 _aCedano Melo, Ramón,
_etraductor
_91744
910 _aValidado. Control de calidad MFF
942 _2ddc
_cLBS1
999 _c47695
_d47695